[Event "London Classic op U1750 11th"]
[Site "London"]
[Date "2019.12.02"]
[Round "1"]
[White "Johnson, Roger"]
[Black "Chauhan, Anurag Singh"]
[Result "0-1"]
[WhiteElo "1351"]
[BlackElo "1621"]
[PlyCount "76"]
[EventDate "2019.12.02"]
[EventType "swiss"]
[EventRounds "5"]
[EventCountry "ENG"]
[SourceTitle "CBM 195 Extra"]
[Source "ChessBase"]
[SourceDate "2020.05.31"]
[SourceVersion "1"]
[SourceVersionDate "2020.05.31"]
[SourceQuality "1"]

1. d4 Nf6 2. Bf4 g6 3. h3 Bg7 4. e3 0-0 5. Nf3 c5 6. c3 cxd4 7. exd4 d6 8. Nbd2 b6 9. Bd3 Bb7 10. 0-0 Na6 11. Qc2 Nc7 12. Rfe1 Rc8 13. Re2 Ncd5 14. Bh2 Nb4 15. Qb1 Nxd3 16. Qxd3 Qd7 17. Rae1 Rfe8 18. Ng5 Bc6 19. Re3 Nd5 20. R3e2 Nf6 21. b3 h6 22. Nge4 d5 23. Nxf6+ exf6 24. Rxe8+ Rxe8 25. Rxe8+ Qxe8 26. Kf1 f5 27. Nf3 Qe7 28. Qa6 f6 29. Bb8 Qe8 30. Qxa7 Bb5+ 31. Kg1 Bd3 32. Qxb6 Qe2 33. Qd8+ Kh7 34. Nh2 Qe1+ 35. Nf1 Qxf1+ 36. Kh2 Qxf2 37. Bg3 Qxa2 38. Qxd5 Be4 0-1